ESTRUCTURA DE LA COMUNIDAD /

Guardado en:
Bibliografiske detaljer
Hovedforfatter: Lipset, Seymour Martin (autor)
Andre forfattere: Bendix, Reinhard (autor) (autor)
Format: Bog
Serier:SERIE DE LAS SEPARATAS ; 12
Fag:
>
Tags: Tilføj Tag
Ingen Tags, Vær først til at tagge denne postø!

MARC

LEADER 00000nam^a2200000^a^4500
001 000236004
005 20250521000000.0
009 20260310104831.462
035 |a 059519 
037 |a Acervo Xavier Clavigero 
082 |a 307. LIP 
100 |a Lipset, Seymour Martin  |e (autor) 
245 1 0 |a ESTRUCTURA DE LA COMUNIDAD /  |c SEYMOUR MARTIN LIPSET, REINHART BENDIX ; TR. RICARDO MALFE 
264 |a BUENOS AIRES :  |b EUDEBA,  |c 1968 
300 |a 41 p. 
336 |a texto  |b txt  |2 rdacontenido 
337 |a sin mediación  |b n  |2 rdamedio 
338 |a volumen  |b nc  |2 rdasoporte 
440 |a SERIE DE LAS SEPARATAS ;  |v 12 
649 |a XX 
650
700 |a Bendix, Reinhard  |e (autor) 
910 |a Fondo General 
920 |a Impresos - Libros 
930 |a Colección General 
905 |a 101 
901 |a 059519  |b IT1  |c ACC  |i 059519  |u 20250521 
902 |a https://opac.biblio.iteso.mx/vufind/Record/000236004